000 00702nam a22002177a 4500
999 _c65578
_d65578
005 20240530110832.0
008 190903s1976 ua a g b 000 0 ara d
017 _bمصر. دار الكتب
040 _aEG-CaGPL
_cEG-CaGPL
082 0 4 _221
_a801.95 \
_bس ن
100 0 _aسهير القلماوى
245 1 2 _aالنقد الادبى /
_cسهير القلماوى
250 _aط.1
260 _aالقاهرة :
_bدار المعرفة الجامعية،
300 _a89 ص. ؛
_c24 سم.
504 _aيشتمل على ارجاعات ببليوجرافية
650 0 7 _2الادب العربى
651 _2qrmak
942 _2ddc
_cBK